000
00299cam a2200109ua 4500
082
_a
335.43
_b
GOP/VY
100
_a
Gopi, Indianoor .
_9
1783
245
_a
Vyakthiyum Communisavum /
260
_a
Kottayam :
_b
Prabhatham Printing and Publishing Co. Pvt. Ltd. ,
_c
1967.
300
_a
124 ; .
942
_c
BK
999
_c
4506
_d
4506